[Event "NOR-ch 2018"]
[Site "Moss"]
[Date "2018.07.11"]
[Round "6"]
[White "Johannessen, Leif Erlend"]
[Black "Hobber, Anders"]
[Result "1/2-1/2"]
[WhiteElo "2462"]
[BlackElo "2312"]
[Annotator "TA"]
[PlyCount "70"]
[EventDate "2018.07.06"]
[EventCountry "NOR"]
[SourceTitle "playchess.com"]
[Source "ChessBase"]
[SourceQuality "1"]

{[%evp 17,70,27,44,42,51,40,56,70,52,42,60,20,41,23,27,20,32,25,27,0,0,31,0,0,11,0,0,0,0,0,22,20,22,32,27,0,70,58,74,35,40,0,0,-3,0,0,0,0,0,0,0,0,0,0,0]} 1. c4 c6 2. Nf3 d5 3. e3 Nf6 4. Nc3 a6 5. h3 g6 6. d4 Bg7 7. Bd3 O-O 8. O-O b5 {D94: Grünfeld: 4 Nf3 Bg7 5 e3} 9. b3 Bf5 {LiveBook: 8 Games} (9... Nbd7 10. Bb2 bxc4 11. bxc4 dxc4 12. Bxc4 c5 13. Rb1 cxd4 14. Nxd4 Ne5 15. Be2 Bb7 16. Na4 {1-0 (55) Fedoseev,V (2724)-Artemiev,V (2697) Moscow 2018}) 10. Bxf5 gxf5 {White is slightly better.} 11. Ne5 e6 $146 ({Predecessor:} 11... Qd6 12. a4 b4 13. Ne2 a5 14. Bb2 e6 15. Rc1 Nfd7 16. Nd3 {1-0 (37) Rahman,Z (2532)-Formanek,E (2298) Philadelphia 2004}) 12. Ba3 Re8 13. Ne2 Nfd7 14. f4 Nxe5 15. fxe5 Nd7 16. cxd5 cxd5 17. Nf4 f6 18. Nh5 fxe5 19. Nxg7 Kxg7 20. dxe5 Qg5 ({Not} 20... Nxe5 $2 21. Bb2 $18) 21. Qe2 Rac8 ({Don't blunder} 21... Nxe5 $2 22. Bb2 $18) 22. Rac1 h6 ({Reject} 22... Nxe5 $6 23. Bb2 $16) 23. Bd6 Nf8 24. a4 bxa4 25. bxa4 Ng6 26. Kh2 h5 ({Black should play} 26... Rxc1 $11 27. Rxc1 Kh8) 27. Qxa6 $14 Rxc1 28. Rxc1 {[#] And now Qa7+ would win.} Qxe3 29. Rc7+ Kh6 {The position is equal.} 30. Qa7 Qf4+ 31. Kg1 d4 32. Rh7+ Kg5 33. Qg7 {[%csl Ge5][%cal Rg7f6] [#]} Qe3+ 34. Kh2 {White threatens Qh6+ and mate.} Qf4+ 35. Kg1 {[%csl Ge5][%cal Rg7f6]} Qe3+ {Precision: White = 59%, Black = 74%.} 1/2-1/2

[Event "NOR-ch 2018"]
[Site "Moss"]
[Date "2018.07.11"]
[Round "6"]
[White "Ostenstad, Berge"]
[Black "Haug, Johannes"]
[Result "1/2-1/2"]
[WhiteElo "2447"]
[BlackElo "2403"]
[Annotator "NA"]
[PlyCount "153"]
[EventDate "2018.07.06"]
[EventCountry "NOR"]
[SourceTitle "playchess.com"]
[Source "ChessBase"]
[SourceQuality "1"]

1. d4 Nf6 2. c4 e6 3. Nf3 d5 4. Nc3 Bb4 5. cxd5 exd5 6. Qa4+ Nc6 7. Bg5 h6 8. Bxf6 Qxf6 9. e3 O-O 10. Be2 Be6 11. a3 Bxc3+ 12. bxc3 Ne7 13. O-O Nc8 14. Ne5 Rd8 15. Qb4 Nd6 16. a4 Rac8 17. Nd3 c6 18. a5 Rc7 19. Qc5 Nc8 20. Qa3 Nd6 21. Qc5 Nc8 22. Nf4 Qe7 23. Nxe6 fxe6 24. Qxe7 Nxe7 25. c4 c5 26. cxd5 Nxd5 27. dxc5 Rxc5 28. Bg4 Kf7 29. Rfb1 Rd7 30. g3 Rdc7 31. Rb2 Ke7 32. Bf3 Kd6 33. e4 Nf6 34. e5+ Kxe5 35. Bxb7 Rc1+ 36. Rxc1 Rxc1+ 37. Kg2 Kd6 38. h4 Nd7 39. Rb4 Rc5 40. a6 Ra5 41. Rc4 Rc5 42. Rg4 g5 43. hxg5 hxg5 44. Rd4+ Ke7 45. Rd1 Rc7 46. Kf3 Nc5 47. Rb1 Kf6 48. Rb5 Ke5 49. Ke3 Kd6 50. Kd4 e5+ 51. Ke3 Re7 52. Rb2 Kc7 53. Kf3 Re6 54. Kg4 Nxa6 55. Bxa6 Rxa6 56. Kxg5 Ra5 57. Kf5 Kd6 58. Rd2+ Ke7 59. Re2 Kd6 60. Rd2+ Ke7 61. Re2 Kd6 62. Kf6 Rd5 63. g4 Rd4 64. g5 Rf4+ 65. Kg6 a5 66. Rb2 a4 67. Rb6+ Kd5 68. Rb5+ Ke6 69. Ra5 Rxf2 70. Rxa4 Rg2 71. Ra8 Kd5 72. Rd8+ Ke4 73. Kf6 Kf4 74. g6 e4 75. g7 e3 76. g8=Q Rxg8 77. Rxg8 1/2-1/2

[Event "NOR-ch 2018"]
[Site "Moss"]
[Date "2018.07.11"]
[Round "6"]
[White "Hauge, Lars Oskar"]
[Black "Tallaksen, Levi Andre"]
[Result "1-0"]
[WhiteElo "2434"]
[BlackElo "2298"]
[Annotator "TA"]
[PlyCount "109"]
[EventDate "2018.07.06"]
[EventCountry "NOR"]
[SourceTitle "playchess.com"]
[Source "ChessBase"]
[SourceQuality "1"]

{[%evp 16,108,18,16,34,41,39,31,85,72,83,78,89,91,127,118,106,127,124,123,113,0,0,0,0,0,100,104,477,457,443,297,523,527,452,42,59,20,28,0,0,0,0,0,0,0,0,0,0,0,0,0,0,0,179,0,0,0,161,172,481,127,471,458,1445,1437,29985,1262,1104,1049,664,443,588,576,923,916,845,740,866,851,877,870,868,860,852,811,29993,29994,29996,29997,29997,29998,29998,29999,29999]} 1. e4 e5 2. Nc3 Nf6 3. f4 d5 4. fxe5 Nxe4 5. Qf3 Nxc3 6. bxc3 Be7 7. d4 {C29: Vienna Game: 2...Nf6 3 f4} O-O (7... c5 8. Bd3 cxd4 9. cxd4 Qa5+ 10. Bd2 Bb4 11. Rd1 Bxd2+ 12. Rxd2 Nc6 13. Ne2 Nb4 14. O-O O-O {1-0 (35) Perelshteyn,E (2513)-Gledura,B (2632) Reykjavik 2018}) 8. Bd3 c5 9. Ne2 {[%cal Bg1e2,Be2g3,Bg3f5][%mdl 32] LiveBook: 3 Games. The position is equal.} c4 10. Bf5 Bxf5 11. Qxf5 Na6 ({Black should try} 11... Qd7 $14 12. Qxd7 Nxd7) 12. Rb1 $146 ({Predecessor:} 12. O-O Nc7 13. Qg4 Kh8 {1-0 (46) Virag,B (1681)-Letay,G (1994) Budapest 2016}) 12... b6 13. O-O Nc7 14. Ng3 $1 f6 15. Qg4 $1 fxe5 16. Nf5 {[%csl Gf5][%cal Rg4g7]} g6 17. Bh6 $36 {[%mdl 2048] White is in control.} Rf7 18. Be3 (18. Nxe7+ $16 Qxe7 19. Rxf7 Qxf7 20. dxe5) 18... Bf8 $1 $11 19. Nh6+ Bxh6 $1 20. Bxh6 {Strongly threatening Rxf7.} Rxf1+ (20... Qd7 $1 $11 21. Qxd7 Rxd7) 21. Rxf1 $16 {Hoping for Rf8+.} e4 $2 {[%mdl 8192]} (21... Qe7 $16 {is a better chance.}) 22. h4 $1 $18 {[%cal Bh2h4,Bh4h5][%mdl 32]} Qe8 23. Qf4 Qe7 $2 (23... Rc8 24. Qd6 e3) 24. h5 e3 {and if ...e2 works, Black does fine.} 25. Bg5 $2 ({White must play} 25. hxg6 $1 $18 {Threatening mate with Qf7+.} hxg6 26. Qg3) 25... Qd7 $14 26. Qxe3 {Threatens to win with Bh6.} Rf8 $1 27. Rxf8+ Kxf8 28. Qe5 {Intending Qh8+ and mate.} Kg8 29. h6 Ne8 30. a4 Nc7 31. Bh4 Ne8 $1 32. Bg3 Qf7 33. Bf4 Nf6 34. Bg5 Ne8 $2 (34... Ng4 $11 {and Black has nothing to worry.} 35. Qg3 Qf5) 35. g3 $2 ({White has to play} 35. g4 $1 $18) 35... Qd7 $1 $11 36. Kg2 Qf7 $2 (36... Kf7 $11) 37. g4 $1 $18 Nc7 $2 (37... Qd7 {is more resistant.}) 38. Kg3 $2 (38. Be7 $18 {and the rest is easy.} Ne8 39. Kg3) 38... Ne8 $2 {[%mdl 8192] [#]} (38... Qd7 $16) 39. Be7 $1 Qf1 (39... a6 $142 40. Bd8 Qd7 41. Bxb6 Kf7) 40. Qxd5+ Kh8 41. Qe5+ (41. Qd8 $142 Qe1+ 42. Kf4 Qf2+ 43. Ke5 Qg3+ 44. Ke6 Qxg4+ 45. Kf7 Qf5+ 46. Kxe8) 41... Kg8 42. Qe3 Qf7 43. Bg5 Nc7 44. Qe5 Nd5 45. Qb8+ Qf8 46. Qxa7 Nxc3 47. Qb7 Qd6+ {[#]} 48. Kh3 $1 {[%csl Gh6][%cal Rb7g7]} Qf8 49. Kg2 Nd1 {[#]} 50. Bf4 $1 {[%mdl 512]} Nc3 {[#]} (50... Qxf4 51. Qg7#) 51. Bd6 $1 {[%mdl 512] White mates.} Qxh6 (51... Qxd6 52. Qg7#) 52. Qc8+ Kf7 53. Qd7+ Kg8 54. Qe8+ Kg7 55. Qf8# {Precision: White = 64%, Black = 44%.} 1-0

[Event "NOR-ch 2018"]
[Site "Moss"]
[Date "2018.07.11"]
[Round "6"]
[White "Mihajlov, Sebastian"]
[Black "Djurhuus, Rune"]
[Result "0-1"]
[WhiteElo "2385"]
[BlackElo "2438"]
[Annotator "TA"]
[PlyCount "126"]
[EventDate "2018.07.06"]
[EventCountry "NOR"]
[SourceTitle "playchess.com"]
[Source "ChessBase"]
[SourceQuality "1"]

{[%evp 28,126,70,64,67,69,70,65,54,34,101,102,122,101,97,71,68,64,35,27,19,51,60,18,14,6,7,-17,0,-56,-52,-30,-12,-18,17,31,41,51,62,-16,0,-41,-38,-30,0,0,0,0,9,7,10,9,56,41,62,0,0,0,0,0,0,-30,-35,-170,-170,-163,-172,-167,-164,-163,-143,-204,-197,-215,-187,-292,-293,-282,-296,-304,-304,-304,-304,-267,-208,-215,-214,-304,-304,-282,-48,-281,-273,-587,-577,-526,-532,-584,-580,-326,-294]} 1. d4 Nf6 2. c4 g6 3. Nc3 Bg7 4. e4 d6 5. Nf3 O-O 6. Be2 Na6 7. O-O e5 8. Be3 c6 9. d5 Ng4 10. Bg5 f6 11. Bh4 Nh6 12. Ne1 {E94: Königsindisch (Klassisches System)} c5 13. Nd3 (13. f3 Nf7 14. Rb1 h5 15. Nd3 Bh6 16. Bf2 Bd7 17. b4 b6 18. bxc5 Nxc5 19. a4 a5 20. Qc2 {1-0 (67) So,W (2822)-Shimanov,A (2642) chess.com INT 2017}) 13... Qe8 14. f3 f5 15. a3 {LiveBook: 3 Partien} Bd7 16. b4 b6 $146 ({Vorgänger:} 16... Nf7 17. Qb3 b6 18. a4 cxb4 19. Nxb4 Nc5 20. Qb1 fxe4 21. fxe4 Nxa4 {1-0 (47) Lirindzakis,T (2195)-Amato,G (2025) Heraklion 2016}) 17. Nb5 Nf7 18. bxc5 (18. Qc2 {feels hotter.} g5 19. Bf2 Qc8 20. Nc3 f4 21. Rfb1) 18... dxc5 (18... Bxb5 $14 19. cxb5 Nxc5) 19. a4 $16 Bxb5 20. cxb5 Nc7 21. d6 g5 22. dxc7 gxh4 23. Nf2 Rc8 24. exf5 e4 25. Rc1 exf3 26. Bxf3 {[#] zielt auf f6 ab.} Rxc7 27. Bd5 Kh8 28. Qh5 (28. Nh3 $11) 28... Nd6 $15 29. Qxe8 Rxe8 30. Be6 c4 31. Rfd1 $36 {[%mdl 2048] Weiss hat Initiative.} Bb2 32. Rc2 Ba3 $1 33. Ng4 (33. g4 $14) 33... Rf8 34. Ne3 Bc5 35. Kh1 $1 Bxe3 36. Rxd6 c3 37. g4 h3 38. Rd3 Bd2 39. Rxh3 Rg7 40. Rg3 Rd8 41. f6 (41. g5 $14) 41... Rg5 $11 42. h4 Re5 43. Bb3 Re4 44. Kg2 Be1 45. Kf3 {[#]} (45. Rf3 $15) 45... Rb4 $1 $19 46. Rg1 Bxh4 47. Be6 Bxf6 48. Bf5 h6 ({Jedoch nicht} 48... Rxa4 49. Rh1 $15) 49. Ra1 (49. Re1 $17) 49... Rdd4 50. a5 Rf4+ 51. Kg2 (51. Ke2 {ist wohl besser.}) 51... Rb2 ({Viel schwächer ist} 51... Rxb5 52. axb6 Rxb6 53. Rxa7 $19) 52. axb6 axb6 ({Schwächer ist} 52... Rxf5 53. bxa7 Rxc2+ 54. Kh1 $16) 53. Ra8+ Kg7 {Und ...Txf5! würde nun gewinnen.} 54. Ra7+ Kf8 {Droht ...Txf5! und aus.} 55. Ra2 Rxc2+ 56. Rxc2 {[%mdl 4096] Endspiel KTL-KTL} Rb4 57. Bd3 (57. Kf3 $142) 57... Rxg4+ 58. Kf3 Rd4 $2 ({Günstiger ist} 58... h5 $19 {Und weiter mit ...Tg5 wäre nett.} 59. Re2 Kf7) 59. Ke3 $2 ({Weiss kommt nicht vorbei an} 59. Rxc3 $15 Ke7 60. Ke3) 59... Ra4 60. Be4 $2 (60. Kf3 {leistet mehr Widerstand.}) 60... Bg5+ 61. Kd3 Bd2 $1 62. Bd5 h5 63. Bb3 Ra5 {Precision: Weiß = 45%, Schwarz = 68%.} 0-1

[Event "NOR-ch 2018"]
[Site "Moss"]
[Date "2018.07.11"]
[Round "6"]
[White "Gronn, Atle"]
[Black "Vestby-Ellingsen, Mads"]
[Result "1-0"]
[WhiteElo "2352"]
[BlackElo "2429"]
[Annotator "TA"]
[PlyCount "89"]
[EventDate "2018.07.06"]
[EventCountry "NOR"]
[SourceTitle "playchess.com"]
[Source "ChessBase"]
[SourceQuality "1"]

{[%evp 16,89,18,8,15,2,22,20,32,15,14,11,8,19,13,0,0,-8,0,0,12,0,24,31,27,25,30,18,33,34,55,37,87,82,143,139,122,64,61,98,247,244,295,236,324,283,439,443,397,382,467,448,522,475,776,765,804,835,803,821,746,728,826,763,995,990,947,940,848,795,922,735,1051,933,834,632]} 1. g3 Nf6 2. Bg2 d5 3. c4 e6 4. Nf3 Be7 5. O-O O-O 6. b3 b6 7. Bb2 Bb7 8. cxd5 exd5 9. Qc2 {LiveBook: 5 Partien. A14: Reti-Eröffnung} (9. d4 Nbd7 10. Nc3 Re8 11. Rc1 Bf8 12. Qc2 a6 13. Rfd1 Rc8 14. e3 Qe7 15. Ne5 Qe6 16. Ne2 c6 17. Nf4 Qd6 18. Bh3 Rc7 19. b4 {½-½ (39) Leko,P (2691)-Bacrot,E (2725) Riadh 2017}) 9... Nbd7 10. Nd4 c5 11. Nf5 {Die Stellung ist ausgeglichen.} Re8 12. Nxe7+ Qxe7 13. Re1 Rac8 14. d3 {[%cal Bd2d3,Bd3d4][%mdl 32]} Ne5 15. Bxe5 Qxe5 16. Nd2 Rcd8 17. Rac1 $146 Qd6 18. Qb2 Re7 19. d4 a6 20. e3 Rc8 21. Qa3 h6 22. Rc2 Rc6 23. dxc5 bxc5 24. Rd1 Bc8 {[#]} (24... Nd7 $142) 25. Nc4 $1 $36 {[%cal Rc4d6][%mdl 2560] Schwarz steht unter starkem Druck.} Qd8 (25... dxc4 26. Rxd6) 26. Na5 (26. Rdc1 $16) 26... Rcc7 $14 27. Rxc5 Qd6 {[#]} (27... Rxc5 $16 28. Qxc5 Rc7) 28. b4 $1 $18 Be6 29. Qc3 Kh7 30. Rc1 Rcd7 (30... Rxc5 $142 31. bxc5 Qd7) 31. Rc6 Qb8 32. Qd3+ g6 33. Qd4 {Weiß steht klar auf Gewinn.} Kg7 34. Rxa6 Qb5 (34... Rd6 $142 35. Nc6 Qb7) 35. Bf1 Qb8 36. Nc6 Qc8 37. Rc5 Re8 38. b5 Rc7 39. a4 Qd7 40. Ne5 Qe7 41. Rxc7 Qxc7 42. Rc6 Qa5 43. Nd3 Re7 44. Ra6 Qd2 45. Qb4 {Precision: Weiß = 64%, Schwarz = 22%.} 1-0

[Event "NOR-ch 2018"]
[Site "Moss"]
[Date "2018.07.11"]
[Round "6"]
[White "Moen, Andreas G R"]
[Black "Elsness, Frode"]
[Result "1/2-1/2"]
[WhiteElo "2317"]
[BlackElo "2468"]
[Annotator "RC"]
[PlyCount "164"]
[EventDate "2018.07.06"]
[EventCountry "NOR"]
[SourceTitle "playchess.com"]
[Source "ChessBase"]
[SourceQuality "1"]

1. e4 c6 2. d4 d5 3. Nd2 dxe4 4. Nxe4 Bf5 5. Ng3 Bg6 6. Nh3 Nf6 7. Nf4 Nbd7 8. Be2 Qc7 9. O-O e6 10. Re1 Bd6 11. Nxg6 hxg6 12. c4 O-O-O 13. Qb3 Rh4 14. Rd1 Bf4 15. Bxf4 Qxf4 16. Nf1 Qd6 17. Qg3 Rf4 18. Bf3 Kb8 19. Rd2 Rh8 20. Rad1 Nh5 21. Bxh5 Rxh5 22. d5 exd5 23. cxd5 c5 24. Ne3 g5 25. Nc4 Qf6 26. f3 a6 27. h3 Rh8 28. b3 Rd8 29. Qf2 Rh4 30. a4 Rhh8 31. a5 Rhe8 32. d6 Re6 33. Rd5 Qc3 34. R5d3 Qb4 35. Qg3 f6 36. Kh2 Ne5 37. d7 Ka7 38. Re3 Re7 39. Nxe5 fxe5 40. Rxe5 Rexd7 41. Rxd7 Rxd7 42. Qxg5 Rc7 43. Re8 Rd7 44. Rc8 Qxa5 45. Rxc5 Qb6 46. Rc3 Qb4 47. Qe3+ Qb6 48. f4 Qxe3 49. Rxe3 a5 50. f5 b5 51. g4 Kb6 52. g5 Kc5 53. Kg3 a4 54. bxa4 bxa4 55. Kg4 Ra7 56. Kh5 a3 57. Re1 a2 58. Ra1 Kd6 59. Kg6 Ke5 60. f6 gxf6 61. gxf6 Ra6 62. Kg5 Ke6 63. Kg6 Ke5 64. Kg5 Ke6 65. Kg6 Ke5 66. Kg7 Rxf6 67. Rxa2 Rf3 68. Ra5+ Ke6 69. h4 Rh3 70. h5 Rg3+ 71. Kh7 Kf7 72. Rf5+ Ke7 73. h6 Rg1 74. Ra5 Kf7 75. Ra7+ Kf8 76. Rg7 Rf1 77. Rg8+ Kf7 78. Rg4 Rf2 79. Ra4 Rg2 80. Ra7+ Kf8 81. Ra8+ Kf7 82. Rg8 Rxg8 1/2-1/2

[Event "NOR-ch 2018"]
[Site "Moss"]
[Date "2018.07.11"]
[Round "6"]
[White "Tryggestad, Andreas Garberg"]
[Black "Thanke, Bror"]
[Result "0-1"]
[WhiteElo "2302"]
[BlackElo "2190"]
[Annotator "NA"]
[PlyCount "100"]
[EventDate "2018.07.06"]
[EventCountry "NOR"]
[SourceTitle "playchess.com"]
[Source "ChessBase"]
[SourceQuality "1"]

1. e4 e5 2. Nf3 Nc6 3. Bb5 f5 4. d3 fxe4 5. dxe4 Nf6 6. Qd3 Bc5 7. Nc3 d6 8. Na4 Bb6 9. Nxb6 axb6 10. Qc4 Bd7 11. O-O Qe7 12. Ne1 Na5 13. Bxd7+ Qxd7 14. Qd3 Qc6 15. f3 b5 16. b3 O-O 17. a4 bxa4 18. Rxa4 b5 19. Ra1 Nb7 20. Rxa8 Rxa8 21. b4 Nd8 22. c3 Ne6 23. Nc2 Ra2 24. Rd1 Qb6+ 25. Be3 Qa6 26. Rd2 Kf7 27. g3 Qc6 28. Kg2 Qc4 29. Ne1 Ra3 30. Rc2 g6 31. Qd2 Ra1 32. Bf2 Nh5 33. Nd3 Qxd3 34. Qxd3 Nhf4+ 35. gxf4 Nxf4+ 36. Kg3 Nxd3 37. c4 Nxb4 38. Rb2 c5 39. cxb5 Ra5 40. Rd2 Ke6 41. b6 Rb5 42. f4 exf4+ 43. Kxf4 Rxb6 44. Ke3 Ra6 45. Bg3 Rc6 46. Rb2 g5 47. h4 gxh4 48. Bxh4 Ra6 49. Rb3 Ra3 50. Rxa3 Nc2+ 0-1

[Event "NOR-ch 2018"]
[Site "Moss"]
[Date "2018.07.11"]
[Round "6"]
[White "Ranaldi, Lucas"]
[Black "Hagesather, Ellen"]
[Result "1-0"]
[WhiteElo "2289"]
[BlackElo "2171"]
[Annotator "NA"]
[PlyCount "83"]
[EventDate "2018.07.06"]
[EventCountry "NOR"]
[SourceTitle "playchess.com"]
[Source "ChessBase"]
[SourceQuality "1"]

1. Nf3 Nf6 2. c4 g6 3. Nc3 d6 4. d4 Bg7 5. e4 O-O 6. Be2 e5 7. O-O Nc6 8. d5 Ne7 9. Ne1 Ne8 10. Nd3 f5 11. Bd2 Kh8 12. Rc1 Ng8 13. f3 f4 14. c5 Rf7 15. a4 h5 16. Nb5 g5 17. a5 Nh6 18. cxd6 cxd6 19. Nf2 Bf8 20. Kh1 Rg7 21. Rg1 g4 22. g3 gxf3 23. Bxf3 Ng4 24. Bxg4 hxg4 25. gxf4 Qh4 26. Rg3 Rh7 27. Qg1 Bd7 28. Nc7 Nxc7 29. Rxc7 Bh6 30. Nxg4 Bxg4 31. Rxg4 Qh5 32. Rc3 exf4 33. Rf3 Bg7 34. Bxf4 Bxb2 35. Rfg3 Qf7 36. Bxd6 Rh5 37. Bc5 Qf6 38. Rg6 Qe5 39. Rg8+ Kh7 40. Rxa8 Qxe4+ 41. Qg2 Qe1+ 42. Bg1 1-0

[Event "NOR-ch 2018"]
[Site "Moss"]
[Date "2018.07.11"]
[Round "6"]
[White "Nordquelle, Daniel"]
[Black "Machlik, Monika"]
[Result "1/2-1/2"]
[WhiteElo "2221"]
[BlackElo "2051"]
[Annotator "NA"]
[PlyCount "94"]
[EventDate "2018.07.06"]
[EventCountry "NOR"]
[SourceTitle "playchess.com"]
[Source "ChessBase"]
[SourceQuality "1"]

1. e4 c6 2. d4 d5 3. e5 c5 4. dxc5 Nc6 5. Bb5 e6 6. Be3 Nge7 7. Nf3 Bd7 8. Bd3 Qc7 9. c3 Nxe5 10. Nxe5 Qxe5 11. Qg4 Qc7 12. Qe2 Ng6 13. O-O Bxc5 14. f4 O-O 15. Bxc5 Qxc5+ 16. Kh1 Rae8 17. Nd2 Qd6 18. Qf2 a6 19. Nb3 e5 20. Bxg6 Qxg6 21. fxe5 Rxe5 22. Nd4 b5 23. a3 h6 24. Rae1 Re4 25. Re3 Rxe3 26. Qxe3 Re8 27. Qf4 Be6 28. h3 Qe4 29. Qg3 Bd7 30. Nf3 Qd3 31. Rf2 Bf5 32. Qc7 Qc4 33. Qa7 Re2 34. Rxe2 Qxe2 35. Qa8+ Kh7 36. Qxd5 Be6 37. Qd2 Qf1+ 38. Kh2 Qc4 39. Nd4 Qc7+ 40. Kg1 Qg3 41. Nxe6 fxe6 42. Qc2+ Kh8 43. Qe4 Qg5 44. Qa8+ Kh7 45. Qe4+ Kh8 46. Qa8+ Kh7 47. Qe4+ Kh8 1/2-1/2

[Event "NOR-ch 2018"]
[Site "Moss"]
[Date "2018.07.11"]
[Round "6"]
[White "Lund, Gunnar"]
[Black "Fossan, Andreas"]
[Result "1-0"]
[WhiteElo "2216"]
[BlackElo "2024"]
[Annotator "NA"]
[PlyCount "89"]
[EventDate "2018.07.06"]
[EventCountry "NOR"]
[SourceTitle "playchess.com"]
[Source "ChessBase"]
[SourceQuality "1"]

1. b3 d5 2. Bb2 Bf5 3. Nf3 Nf6 4. e3 e6 5. Be2 h6 6. O-O Bd6 7. c4 c6 8. d3 O-O 9. Nbd2 Nbd7 10. Re1 Qe7 11. Bf1 e5 12. e4 dxe4 13. dxe4 Bg4 14. h3 Bxf3 15. Nxf3 Bb4 16. Re2 a5 17. Qc2 Rfe8 18. Rd1 a4 19. Bc1 Nc5 20. Nh4 axb3 21. axb3 Red8 22. Nf5 Qf8 23. Rxd8 Rxd8 24. Re3 Nh5 25. Qe2 g6 26. Qg4 Bd2 27. Bxd2 Rxd2 28. b4 Ne6 29. c5 Kh7 30. Nd6 Rd4 31. Bc4 Nhf4 32. Bxe6 Nxe6 33. Rf3 f5 34. Qh4 f4 35. Qg4 Qf6 36. Ra3 h5 37. Qf3 Ng5 38. Qb3 Nxe4 39. Nxe4 Rxe4 40. Ra7 Re1+ 41. Kh2 e4 42. Rxb7+ Kh6 43. Qf7 Qe5 44. h4 f3+ 45. g3 1-0

[Event "NOR-ch 2018"]
[Site "Moss"]
[Date "2018.07.11"]
[Round "6"]
[White "Moen, Ole Christian"]
[Black "Al-Tarbosh, Ward"]
[Result "1-0"]
[WhiteElo "2201"]
[BlackElo "2283"]
[Annotator "NA"]
[PlyCount "121"]
[EventDate "2018.07.06"]
[EventCountry "NOR"]
[SourceTitle "playchess.com"]
[Source "ChessBase"]
[SourceQuality "1"]

1. e4 d6 2. d4 e5 3. dxe5 dxe5 4. Qxd8+ Kxd8 5. Bc4 f6 6. Be3 Nd7 7. Be6 Nc5 8. Bxc8 Kxc8 9. Nd2 Ne6 10. Ne2 Bb4 11. O-O-O Ne7 12. Nb3 a5 13. a4 Ng6 14. g3 Ng5 15. c3 Bd6 16. Nd2 Ne6 17. Kc2 Bc5 18. Bxc5 Nxc5 19. b3 Rd8 20. Nc1 Ra6 21. f3 Rc6 22. Rhe1 b6 23. Nf1 Ne6 24. Rxd8+ Kxd8 25. Rd1+ Kc8 26. Rd3 Ne7 27. Ne2 g6 28. Ne3 f5 29. Nd5 Ng8 30. exf5 Nc5 31. fxg6 Rxg6 32. Re3 Nd7 33. c4 c6 34. Ndc3 Ne7 35. Ne4 Nf5 36. Rd3 Rh6 37. h4 Nc5 38. Nxc5 bxc5 39. Kd2 Kc7 40. Ke1 Re6 41. Kf2 Rg6 42. h5 Rg8 43. g4 e4 44. fxe4 Nh6 45. Rg3 Rg5 46. Kf3 Kd6 47. Kf4 Nf7 48. Ng1 h6 49. Nf3 Rg8 50. g5 Rf8 51. g6 Ng5+ 52. Ke3 Ne6 53. Rg1 Ng7 54. Nh4 Ke5 55. Nf5 Nxh5 56. Nxh6 Ng7 57. Nf5 Nh5 58. Rg5 Nf6 59. g7 Rb8 60. Nh6+ Ke6 61. Rg6 1-0

[Event "NOR-ch 2018"]
[Site "Moss"]
[Date "2018.07.11"]
[Round "6"]
[White "Gonzalez, Francisco Silva"]
[Black "Skotheim, Andreas"]
[Result "0-1"]
[WhiteElo "2045"]
[BlackElo "2109"]
[Annotator "NA"]
[PlyCount "108"]
[EventDate "2018.07.06"]
[EventCountry "NOR"]
[SourceTitle "playchess.com"]
[Source "ChessBase"]
[SourceQuality "1"]

1. d4 Nf6 2. c4 e6 3. Nc3 Bb4 4. Qc2 O-O 5. a3 Bxc3+ 6. Qxc3 d5 7. Bg5 dxc4 8. Qxc4 b6 9. Nf3 Ba6 10. Qa4 Qd7 11. Qc2 Rc8 12. Rd1 Qc6 13. Qxc6 Nxc6 14. Bxf6 gxf6 15. e3 Bb7 16. Bd3 Ne7 17. Ke2 c5 18. dxc5 Rxc5 19. Nd2 f5 20. Rhg1 Kf8 21. Nb3 Rd5 22. Bc4 Rxd1 23. Kxd1 Rc8 24. Bd3 Ng6 25. f3 Ne5 26. Ke2 Rd8 27. Bb5 a6 28. f4 axb5 29. fxe5 Rd5 30. g3 Rxe5 31. Rc1 f4 32. Rc3 Rh5 33. gxf4 Rxh2+ 34. Kd3 Rxb2 35. Kd4 Bd5 36. Nc1 b4 37. axb4 Rxb4+ 38. Kd3 Be4+ 39. Kd2 Rb2+ 40. Ke1 h5 41. Rc4 h4 42. Rxe4 h3 43. f5 h2 44. Rh4 Rg2 45. Ne2 Rg1+ 46. Kd2 h1=Q 47. Rxh1 Rxh1 48. fxe6 fxe6 49. Kd3 Ke7 50. Nd4 Rd1+ 51. Kc4 Rxd4+ 52. exd4 Kd6 53. Kc3 Kd5 54. Kd3 b5 0-1

[Event "NOR-ch 2018"]
[Site "Moss"]
[Date "2018.07.11"]
[Round "6"]
[White "Skaslien, Ingrid"]
[Black "Melaa, Sondre"]
[Result "0-1"]
[WhiteElo "1927"]
[BlackElo "2019"]
[Annotator "NA"]
[PlyCount "90"]
[EventDate "2018.07.06"]
[EventCountry "NOR"]
[SourceTitle "playchess.com"]
[Source "ChessBase"]
[SourceQuality "1"]

1. d4 Nf6 2. c4 e6 3. Nc3 Bb4 4. Qc2 O-O 5. e3 c5 6. dxc5 Na6 7. a3 Bxc3+ 8. Qxc3 Nxc5 9. Nf3 Nce4 10. Qc2 b6 11. Be2 Bb7 12. O-O Rc8 13. Bd2 d5 14. Bb4 Re8 15. Rfd1 Qc7 16. Rac1 Ba6 17. b3 dxc4 18. bxc4 Red8 19. Rxd8+ Rxd8 20. Qa4 Bb7 21. c5 a5 22. Bc3 Nxc5 23. Qh4 Nce4 24. Bb2 Qd7 25. h3 Rc8 26. Rxc8+ Qxc8 27. Qf4 h6 28. Nd4 Bd5 29. Bd3 Qd8 30. Qf3 Qd6 31. Qd1 Nc5 32. Be2 Be4 33. Qc1 Na4 34. Nb5 Qd5 35. f3 Bd3 36. Bxd3 Qxd3 37. Nc3 Nxb2 38. Qxb2 Qxe3+ 39. Kh2 Qe5+ 40. Kg1 Qd4+ 41. Kh2 Nd5 42. Qb5 Nxc3 43. Qe8+ Kh7 44. Qxf7 Qe5+ 45. Kh1 Ne2 0-1

[Event "NOR-ch 2018"]
[Site "Moss"]
[Date "2018.07.12"]
[Round "7"]
[White "Hammer, Jon Ludvig"]
[Black "Notkevich, Benjamin Arvola"]
[Result "1/2-1/2"]
[WhiteElo "2631"]
[BlackElo "2471"]
[Annotator "ChessBase"]
[PlyCount "170"]
[EventDate "2018.07.06"]
[EventCountry "NOR"]
[SourceTitle "playchess.com"]
[Source "ChessBase"]
[SourceQuality "1"]

1. d4 Nf6 2. c4 g6 3. g3 Bg7 4. Bg2 O-O 5. Nc3 c6 6. e4 d6 7. Nge2 e5 8. O-O Nbd7 9. b3 exd4 10. Nxd4 Re8 11. Be3 Nc5 12. f3 d5 13. Nxc6 bxc6 14. Bxc5 dxc4 15. Qxd8 Rxd8 16. Rfd1 Rxd1+ 17. Rxd1 Nd7 18. Bd4 cxb3 19. axb3 Rb8 20. Ne2 Rxb3 21. Bxa7 Ra3 22. Bf2 Ba6 23. Rxd7 Ra1+ 24. Bf1 Bxe2 25. Rd8+ Bf8 26. Bc5 Rxf1+ 27. Kg2 Rxf3 28. Bxf8 Rd3 29. Bd6+ Kg7 30. Kf2 Rxd6 31. Rxd6 Bb5 32. e5 Kf8 33. Ke3 Ke7 34. Kf4 Ba4 35. Kg5 h5 36. Kf4 c5 37. Ke4 c4 38. Kd4 Bb3 39. Ra6 Kd7 40. Rb6 Ba2 41. Ra6 Bb3 42. e6+ fxe6 43. Rb6 Ke7 44. Ke5 Bc2 45. Rb7+ Ke8 46. Rc7 Bd3 47. Kxe6 Bf5+ 48. Kd5 Bd3 49. Kd4 Kf8 50. Ke3 Ke8 51. Kf4 Kd8 52. Ra7 Bf5 53. Ra3 Kd7 54. Rc3 Bd3 55. Ke5 Kc6 56. Ra3 Kc5 57. Ra7 Kb4 58. Kd4 Kb3 59. Ra6 Kc2 60. Ra2+ Kd1 61. Rg2 Ke1 62. Ke3 Kf1 63. Ra2 Bf5 64. Kf3 Bg4+ 65. Kf4 Bf5 66. Ra3 Kg2 67. h4 Bd3 68. Ra2+ Kh3 69. Ra3 Kg2 70. g4 hxg4 71. Kxg4 Kf2 72. Kf4 Kg2 73. Ra2+ Kf1 74. Ke3 Kg1 75. Rd2 Bf5 76. Kf4 c3 77. Rd1+ Kf2 78. Rc1 c2 79. h5 Bd3 80. h6 g5+ 81. Kxg5 Ke2 82. Kf6 Kd2 83. Rxc2+ Bxc2 84. Kg7 Kc1 85. h7 Bxh7 1/2-1/2